[Event "DEM U10 2017"]
[Site "Willingen GER"]
[Date "2017.06.09"]
[Round "10"]
[White "Costa, Leonardo"]
[Black "Morczynski, Joachim"]
[Result "0-1"]
[Termination "normal"]
[Board "1"]
[WhiteElo "1704"]
[BlackElo "1645"]
[WhiteClock "00:25:03"]
[BlackClock "00:25:32"]
[PlyCount "130"]
[WhiteFideId "16213955"]
[BlackFideId "16209745"]
[EventCountry "GER"]
[EventRounds "11"]
[EventType "swiss"]
[EventDate "2017.06.03"]

1. e4 {[%clk 1:15:59]} 1... d6 {[%clk 1:15:52]} 2. d4 {[%clk 1:16:25]} 2... Nf6
{[%clk 1:16:15]} 3. Nc3 {[%clk 1:16:50]} 3... g6 {[%clk 1:16:36]} 4. Be3 {
[%clk 1:17:09]} 4... c6 {[%clk 1:16:53]} 5. h3 {[%clk 1:17:35]} 5... b5 { [%clk
1:17:16]} 6. e5 {[%clk 1:17:53]} 6... Nfd7 {[%clk 1:15:45]} 7. exd6 { [%clk
1:17:03]} 7... exd6 {[%clk 1:15:18]} 8. d5 {[%clk 1:17:00]} 8... b4 { [%clk
1:14:23]} 9. Ne4 {[%clk 1:17:18]} 9... c5 {[%clk 1:13:57]} 10. Bg5 { [%clk
1:17:08]} 10... f6 {[%clk 1:13:26]} 11. Qe2 {[%clk 1:17:26]} 11... Qe7 { [%clk
1:09:19]} 12. Nxd6+ {[%clk 1:16:47]} 12... Kd8 {[%clk 1:09:26]} 13. Qxe7+
{[%clk 1:16:52]} 13... Bxe7 {[%clk 1:08:20]} 14. Nf7+ {[%clk 1:17:15]} 14...
Ke8 {[%clk 1:08:36]} 15. Nxh8 {[%clk 1:17:22]} 15... fxg5 {[%clk 1:08:34]} 16.
O-O-O {[%clk 1:06:32]} 16... Bf6 {[%clk 1:07:17]} 17. Nxg6 {[%clk 1:06:15]}
17... hxg6 {[%clk 1:07:35]} 18. Nf3 {[%clk 1:03:00]} 18... Nb6 {[%clk 1:05:43]}
19. b3 {[%clk 1:00:45]} 19... Bb7 {[%clk 1:04:38]} 20. Bb5+ {[%clk 0:57:24]}
20... Kf7 {[%clk 0:55:11]} 21. d6 {[%clk 0:53:39]} 21... N8d7 {[%clk 0:54:24]}
22. Rhe1 {[%clk 0:50:03]} 22... a6 {[%clk 0:49:31]} 23. Bd3 {[%clk 0:47:01]}
23... Bxf3 {[%clk 0:46:12]} 24. gxf3 {[%clk 0:47:23]} 24... Ne5 {[%clk 0:46:32]
} 25. Be4 {[%clk 0:44:02]} 25... Rd8 {[%clk 0:46:01]} 26. Rd2 {[%clk 0:36:45]}
26... Ned7 {[%clk 0:38:15]} 27. Kb1 {[%clk 0:35:33]} 27... Bc3 {[%clk 0:35:52]}
28. Red1 {[%clk 0:30:15]} 28... Bxd2 {[%clk 0:36:01]} 29. Rxd2 {[%clk 0:30:37]}
29... Nf6 {[%clk 0:35:03]} 30. Kb2 {[%clk 0:29:54]} 30... c4 {[%clk 0:35:07]}
31. c3 {[%clk 0:29:30]} 31... a5 {[%clk 0:34:24]} 32. Rd4 {[%clk 0:28:23]}
32... bxc3+ {[%clk 0:33:06]} 33. Kxc3 {[%clk 0:28:41]} 33... cxb3 { [%clk
0:33:14]} 34. Kxb3 {[%clk 0:28:25]} 34... Nc8 {[%clk 0:33:31]} 35. d7 { [%clk
0:27:02]} 35... Rxd7 {[%clk 0:32:36]} 36. Rxd7+ {[%clk 0:27:17]} 36... Nxd7
{[%clk 0:32:53]} 37. Bc6 {[%clk 0:27:00]} 37... Ncb6 {[%clk 0:31:50]} 38. Bxd7
{[%clk 0:26:44]} 38... Nxd7 {[%clk 0:32:09]} 39. Ka4 {[%clk 0:27:10]} 39... Kf6
{[%clk 0:31:49]} 40. Kxa5 {[%clk 0:27:14]} 40... Ke6 {[%clk 0:29:14]} 41. Kb5
{[%clk 0:25:04]} 41... Kd6 {[%clk 0:29:11]} 42. a4 {[%clk 0:24:45]} 42... Kc7
{[%clk 0:28:54]} 43. a5 {[%clk 0:23:37]} 43... Kb7 {[%clk 0:28:18]} 44. a6+
{[%clk 0:23:17]} 44... Ka7 {[%clk 0:26:55]} 45. Kc6 {[%clk 0:21:36]} 45... Ne5+
{[%clk 0:24:02]} 46. Kd5 {[%clk 0:21:49]} 46... Nxf3 {[%clk 0:24:16] } 47. Ke4
{[%clk 0:21:46]} 47... Ng1 {[%clk 0:24:12]} 48. f4 {[%clk 0:21:30]} 48... Nxh3
{[%clk 0:23:28]} 49. f5 {[%clk 0:21:38]} 49... Nf2+ {[%clk 0:23:20]} 50. Ke5
{[%clk 0:21:18]} 50... Nd3+ {[%clk 0:22:22]} 51. Ke4 {[%clk 0:20:23]} 51...
Nc5+ {[%clk 0:22:17]} 52. Ke5 {[%clk 0:20:42]} 52... gxf5 53. Kxf5 { [%clk
0:21:01]} 53... Ne6 {[%clk 0:22:39]} 54. Kg4 {[%clk 0:20:40]} 54... Kxa6 {[%clk
0:23:04]} 55. Kf5 {[%clk 0:20:56]} 55... Kb5 {[%clk 0:23:23]} 56. Ke4 { [%clk
0:21:16]} 56... Kc4 {[%clk 0:23:29]} 57. Kf3 {[%clk 0:21:42]} 57... Kd4 { [%clk
0:23:50]} 58. Kg4 {[%clk 0:22:11]} 58... Ke4 {[%clk 0:24:13]} 59. Kg3 { [%clk
0:22:32]} 59... Kf5 {[%clk 0:24:31]} 60. Kf3 {[%clk 0:22:54]} 60... g4+ { [%clk
0:24:46]} 61. Kg3 {[%clk 0:23:20]} 61... Nd4 {[%clk 0:24:30]} 62. Kg2 { [%clk
0:23:43]} 62... Kf4 {[%clk 0:24:52]} 63. Kf2 {[%clk 0:24:09]} 63... g3+ { [%clk
0:25:08]} 64. Kg2 {[%clk 0:24:36]} 64... Kg4 {[%clk 0:25:32]} 65. Kg1 { [%clk
0:25:03]} 65... Kf3 0-1

[Event "DEM U10 2017"]
[Site "Willingen GER"]
[Date "2017.06.09"]
[Round "10"]
[White "Prieb, Robert"]
[Black "Hagner, Bennet"]
[Result "1-0"]
[Termination "normal"]
[Board "2"]
[WhiteElo "1583"]
[BlackElo "1683"]
[WhiteClock "00:32:29"]
[BlackClock "00:06:02"]
[PlyCount "121"]
[WhiteFideId "16212002"]
[BlackFideId "16224477"]
[EventCountry "GER"]
[EventRounds "11"]
[EventType "swiss"]
[EventDate "2017.06.03"]

1. d4 {[%clk 1:15:55]} 1... d5 {[%clk 1:15:22]} 2. c4 {[%clk 1:16:04]} 2... e5
{[%clk 1:15:14]} 3. dxe5 {[%clk 1:15:51]} 3... d4 {[%clk 1:15:01]} 4. a3 {
[%clk 1:15:07]} 4... Bc5 {[%clk 1:13:59]} 5. b4 {[%clk 1:14:55]} 5... Be7 {
[%clk 1:10:50]} 6. Nf3 {[%clk 1:14:31]} 6... c5 {[%clk 1:10:21]} 7. b5 { [%clk
1:09:02]} 7... Bg4 {[%clk 1:04:31]} 8. e3 {[%clk 1:06:25]} 8... Qb6 { [%clk
1:02:14]} 9. exd4 {[%clk 1:04:04]} 9... cxd4 {[%clk 1:02:18]} 10. Qxd4 { [%clk
1:03:04]} 10... Qxd4 {[%clk 0:57:55]} 11. Nxd4 {[%clk 1:03:04]} 11... Nd7
{[%clk 0:57:09]} 12. f3 {[%clk 0:58:54]} 12... Bh5 {[%clk 0:52:00]} 13. g4 {
[%clk 0:57:55]} 13... Bg6 {[%clk 0:52:06]} 14. f4 {[%clk 0:57:48]} 14... Be4 {
[%clk 0:47:07]} 15. Rg1 {[%clk 0:57:05]} 15... Bc5 {[%clk 0:45:09]} 16. Bb2 {
[%clk 0:56:55]} 16... Nb6 {[%clk 0:45:01]} 17. a4 {[%clk 0:54:51]} 17... Rd8 {
[%clk 0:45:01]} 18. a5 {[%clk 0:53:28]} 18... Nc8 {[%clk 0:38:10]} 19. Ke2 {
[%clk 0:51:44]} 19... Bxb1 {[%clk 0:37:27]} 20. Rxb1 {[%clk 0:51:57]} 20...
Bxd4 {[%clk 0:37:49]} 21. Bxd4 {[%clk 0:51:57]} 21... Rxd4 {[%clk 0:38:03]} 22.
Ke3 {[%clk 0:51:58]} 22... Rd7 {[%clk 0:36:08]} 23. c5 {[%clk 0:50:14]} 23...
Nge7 {[%clk 0:33:34]} 24. b6 {[%clk 0:48:52]} 24... O-O {[%clk 0:27:32]} 25.
Bg2 {[%clk 0:41:10]} 25... axb6 {[%clk 0:25:26]} 26. cxb6 {[%clk 0:41:08]}
26... Nd5+ {[%clk 0:24:10]} 27. Bxd5 {[%clk 0:40:13]} 27... Rxd5 { [%clk
0:24:20]} 28. a6 {[%clk 0:36:17]} 28... Ne7 {[%clk 0:21:00]} 29. a7 { [%clk
0:33:52]} 29... g5 {[%clk 0:17:55]} 30. Rgc1 {[%clk 0:31:06]} 30... gxf4+
{[%clk 0:15:17]} 31. Ke4 {[%clk 0:30:31]} 31... Rd7 {[%clk 0:14:30]} 32. Rc7 {
[%clk 0:29:53]} 32... Rxc7 {[%clk 0:13:51]} 33. bxc7 {[%clk 0:30:15]} 33... Ra8
{[%clk 0:10:52]} 34. Rxb7 {[%clk 0:30:34]} 34... Kg7 {[%clk 0:11:09]} 35. Kxf4
{[%clk 0:29:52]} 35... Kg6 {[%clk 0:10:39]} 36. h4 {[%clk 0:29:17]} 36... Kg7 {
[%clk 0:07:16]} 37. h5 {[%clk 0:29:17]} 37... h6 {[%clk 0:07:18]} 38. Ke4 {
[%clk 0:28:47]} 38... Kh7 {[%clk 0:07:22]} 39. Kd4 {[%clk 0:29:01]} 39... Rxa7
{[%clk 0:06:02]} 40. Rxa7 {[%clk 0:29:25]} 40... Nc6+ {[%clk 0:06:23]} 41. Kc5
{[%clk 0:29:48]} 41... Nxa7 {[%clk 0:06:45]} 42. Kb6 {[%clk 0:29:59]} 42...
Nc8+ {[%clk 0:07:04]} 43. Kb7 {[%clk 0:30:25]} 43... Ne7 {[%clk 0:07:27]} 44.
c8=Q {[%clk 0:30:46]} 44... Nxc8 {[%clk 0:07:50]} 45. Kxc8 {[%clk 0:31:11]}
45... Kg7 {[%clk 0:06:40]} 46. Kd8 {[%clk 0:31:03]} 46... Kf8 {[%clk 0:06:10]}
47. Kd7 {[%clk 0:31:01]} 47... Kg8 {[%clk 0:05:38]} 48. Ke7 {[%clk 0:30:05]}
48... Kg7 {[%clk 0:05:51]} 49. e6 {[%clk 0:29:47]} 49... fxe6 {[%clk 0:05:42]}
50. Kxe6 {[%clk 0:30:09]} 50... Kg8 {[%clk 0:05:20]} 51. Kf6 {[%clk 0:30:25]}
51... Kh7 {[%clk 0:05:17]} 52. Kf7 {[%clk 0:30:42]} 52... Kh8 {[%clk 0:04:47]}
53. Kg6 {[%clk 0:31:05]} 53... Kg8 {[%clk 0:05:11]} 54. Kxh6 {[%clk 0:31:29]}
54... Kh8 {[%clk 0:05:33]} 55. g5 {[%clk 0:31:40]} 55... Kg8 {[%clk 0:05:56]}
56. g6 {[%clk 0:31:57]} 56... Kh8 {[%clk 0:06:03]} 57. Kg5 {[%clk 0:32:20]}
57... Kg7 {[%clk 0:06:09]} 58. h6+ {[%clk 0:32:43]} 58... Kg8 {[%clk 0:05:40]}
59. Kf6 {[%clk 0:32:03]} 59... Kh8 {[%clk 0:05:54]} 60. g7+ {[%clk 0:32:14]}
60... Kg8 {[%clk 0:06:02]} 61. h7+ {[%clk 0:32:29]} 1-0

[Event "DEM U10 2017"]
[Site "Willingen GER"]
[Date "2017.06.09"]
[Round "10"]
[White "Deuer, Marius"]
[Black "Rempe, Jonas"]
[Result "0-1"]
[Termination "normal"]
[Board "3"]
[WhiteElo "1698"]
[BlackElo "1733"]
[WhiteClock "00:04:04"]
[BlackClock "00:25:21"]
[PlyCount "108"]
[WhiteFideId "16236432"]
[BlackFideId "16202406"]
[EventCountry "GER"]
[EventRounds "11"]
[EventType "swiss"]
[EventDate "2017.06.03"]

1. e4 {[%clk 1:15:58]} 1... e5 {[%clk 1:15:53]} 2. Nf3 {[%clk 1:16:22]} 2...
Nc6 {[%clk 1:16:17]} 3. Bb5 {[%clk 1:16:48]} 3... a6 {[%clk 1:16:41]} 4. Ba4 {
[%clk 1:17:12]} 4... Nf6 {[%clk 1:17:06]} 5. O-O {[%clk 1:17:31]} 5... Be7 {
[%clk 1:17:34]} 6. Re1 {[%clk 1:17:52]} 6... b5 {[%clk 1:18:00]} 7. Bb3 { [%clk
1:18:21]} 7... O-O {[%clk 1:18:22]} 8. a4 {[%clk 1:18:34]} 8... Bb7 { [%clk
1:12:54]} 9. Nc3 {[%clk 1:10:19]} 9... b4 {[%clk 1:08:48]} 10. Nd5 { [%clk
1:05:40]} 10... Nxd5 {[%clk 1:02:46]} 11. Bxd5 {[%clk 1:01:48]} 11... Bf6
{[%clk 1:00:47]} 12. c3 {[%clk 0:55:13]} 12... Rb8 {[%clk 0:57:01]} 13. d3 {
[%clk 0:50:57]} 13... bxc3 {[%clk 0:56:56]} 14. bxc3 {[%clk 0:49:10]} 14... Ne7
{[%clk 0:57:13]} 15. Bxb7 {[%clk 0:46:04]} 15... Rxb7 {[%clk 0:57:32]} 16. Ba3
{[%clk 0:45:56]} 16... d6 {[%clk 0:57:40]} 17. d4 {[%clk 0:43:45]} 17... Ng6
18. Rb1 {[%clk 0:42:37]} 18... Qb8 {[%clk 0:57:18]} 19. Qd3 {[%clk 0:38:38]}
19... Nf4 {[%clk 0:54:35]} 20. Qf1 {[%clk 0:35:12]} 20... Ne2+ {[%clk 0:53:01]}
21. Kh1 {[%clk 0:35:02]} 21... Nxc3 {[%clk 0:53:03]} 22. Rxb7 {[%clk 0:34:53]}
22... Qxb7 {[%clk 0:52:51]} 23. dxe5 23... Qb3 {[%clk 0:50:35]} 24. Ra1 { [%clk
0:29:15]} 24... Be7 {[%clk 0:37:53]} 25. exd6 {[%clk 0:21:07]} 25... Bxd6
{[%clk 0:37:10]} 26. Bxd6 26... cxd6 {[%clk 0:37:31]} 27. Qxa6 {[%clk 0:21:03]}
27... Nxe4 {[%clk 0:37:02]} 28. Qe2 {[%clk 0:17:52]} 28... Re8 {[%clk 0:35:32]}
29. Qb5 {[%clk 0:15:08]} 29... Nxf2+ {[%clk 0:33:08]} 30. Kg1 {[%clk 0:15:20]}
30... Qe3 {[%clk 0:33:25]} 31. Kf1 {[%clk 0:12:14]} 31... Nd3 {[%clk 0:33:15]}
32. Qxe8+ {[%clk 0:09:51]} 32... Qxe8 {[%clk 0:33:39]} 33. a5 {[%clk 0:08:52]}
33... Qe3 {[%clk 0:33:49]} 34. Ra2 {[%clk 0:09:14]} 34... Qc1+ {[%clk 0:33:22]}
35. Ke2 {[%clk 0:09:27]} 35... Nf4+ {[%clk 0:31:11]} 36. Kf2 {[%clk 0:09:44]}
36... Qc5+ {[%clk 0:31:18]} 37. Ke1 {[%clk 0:08:56]} 37... Qb4+ {[%clk 0:30:55]
} 38. Kf2 {[%clk 0:08:08]} 38... Qc5+ {[%clk 0:29:57]} 39. Ke1 {[%clk 0:08:02]}
39... Nd3+ {[%clk 0:28:41]} 40. Kf1 {[%clk 0:07:36]} 40... Qc4 {[%clk 0:26:32]}
41. Rd2 {[%clk 0:05:55]} 41... Ne5+ {[%clk 0:24:15]} 42. Re2 {[%clk 0:04:41]}
42... Nxf3 {[%clk 0:23:14]} 43. gxf3 {[%clk 0:03:18]} 43... g6 {[%clk 0:23:25]}
44. h4 {[%clk 0:03:06]} 44... Kf8 {[%clk 0:23:44]} 45. h5 gxh5 46. f4 { [%clk
0:03:16]} 46... Qxf4+ {[%clk 0:23:52]} 47. Rf2 {[%clk 0:03:17]} 47... Qa4
{[%clk 0:24:01]} 48. Kg2 {[%clk 0:03:19]} 48... Qxa5 {[%clk 0:24:10]} 49. Kh1 {
[%clk 0:03:41]} 49... Qd5+ {[%clk 0:24:31]} 50. Kg1 {[%clk 0:03:53]} 50... Qc5
{[%clk 0:24:56]} 51. Kh1 {[%clk 0:04:14]} 51... h4 {[%clk 0:25:01]} 52. Rf1 {
[%clk 0:04:28]} 52... d5 {[%clk 0:24:39]} 53. Rf2 {[%clk 0:04:25]} 53... d4 {
[%clk 0:24:59]} 54. Kh2 {[%clk 0:04:04]} 54... Qc2 {[%clk 0:25:21]} 0-1

[Event "DEM U10 2017"]
[Site "Willingen GER"]
[Date "2017.06.09"]
[Round "10"]
[White "Nitsche, Nikolai"]
[Black "Bakiev, Diyor"]
[Result "1-0"]
[Termination "normal"]
[Board "4"]
[WhiteElo "1465"]
[BlackElo "1111"]
[WhiteClock "00:45:13"]
[BlackClock "00:24:20"]
[PlyCount "127"]
[WhiteFideId "16221036"]
[BlackFideId "16241584"]
[EventCountry "GER"]
[EventRounds "11"]
[EventType "swiss"]
[EventDate "2017.06.03"]

1. e4 {[%clk 1:15:58]} 1... e5 {[%clk 1:15:52]} 2. Nf3 {[%clk 1:16:12]} 2...
Nc6 {[%clk 1:16:14]} 3. d4 {[%clk 1:16:26]} 3... exd4 {[%clk 1:16:39]} 4. Nxd4
{[%clk 1:16:40]} 4... Bc5 {[%clk 1:17:01]} 5. Nxc6 {[%clk 1:16:38]} 5... Qf6 {
[%clk 1:17:02]} 6. Qf3 {[%clk 1:16:38]} 6... dxc6 {[%clk 1:17:04]} 7. Nc3 {
[%clk 1:13:56]} 7... Qe7 {[%clk 1:15:52]} 8. Bc4 {[%clk 1:11:03]} 8... Bd7 {
[%clk 1:13:48]} 9. O-O {[%clk 1:09:09]} 9... O-O-O {[%clk 1:11:53]} 10. Qxf7 {
[%clk 1:08:42]} 10... Qe5 {[%clk 1:05:36]} 11. Bf4 {[%clk 1:08:06]} 11... Qf6 {
[%clk 1:03:31]} 12. Qxf6 {[%clk 1:04:22]} 12... Nxf6 {[%clk 1:03:21]} 13. Rfe1
{[%clk 1:01:04]} 13... Ng4 {[%clk 1:00:48]} 14. Re2 {[%clk 0:58:40]} 14... Nxf2
{[%clk 1:00:40]} 15. Rxf2 {[%clk 0:58:57]} 15... Bxf2+ 16. Kxf2 {[%clk 0:59:20]
} 16... Rhf8 {[%clk 1:01:21]} 17. Kg3 {[%clk 0:59:17]} 17... h6 {[%clk 0:56:59]
} 18. Rf1 {[%clk 0:57:22]} 18... b5 {[%clk 0:55:27]} 19. Bd3 {[%clk 0:56:33]}
19... Rde8 {[%clk 0:53:35]} 20. Be3 {[%clk 0:53:26]} 20... Rxf1 {[%clk 0:52:36]
} 21. Bxf1 {[%clk 0:53:47]} 21... b4 {[%clk 0:52:46]} 22. Na4 {[%clk 0:53:50]}
22... Rxe4 {[%clk 0:52:30]} 23. Bxa7 {[%clk 0:53:31]} 23... Re5 {[%clk 0:50:27]
} 24. Bc5 {[%clk 0:50:32]} 24... g5 {[%clk 0:46:36]} 25. Bxb4 {[%clk 0:49:41]}
25... Rf5 {[%clk 0:41:36]} 26. Bd3 {[%clk 0:49:03]} 26... Rf4 {[%clk 0:41:17]}
27. c3 {[%clk 0:46:14]} 27... h5 {[%clk 0:40:50]} 28. h4 {[%clk 0:44:35]} 28...
Rxh4 {[%clk 0:38:19]} 29. Nc5 {[%clk 0:44:20]} 29... Rg4+ {[%clk 0:36:46]} 30.
Kh2 {[%clk 0:42:52]} 30... Rf4 {[%clk 0:36:00]} 31. Nxd7 {[%clk 0:43:05]} 31...
Kxd7 {[%clk 0:36:15]} 32. a4 {[%clk 0:43:09]} 32... Rf2 {[%clk 0:32:31]} 33. b3
{[%clk 0:43:18]} 33... Rd2 {[%clk 0:32:06]} 34. Ba6 {[%clk 0:43:07]} 34... c5 {
[%clk 0:29:31]} 35. Bxc5 35... c6 {[%clk 0:29:40]} 36. Bb6 {[%clk 0:41:24]}
36... Rc2 {[%clk 0:29:34]} 37. Bc4 {[%clk 0:41:37]} 37... Kc8 {[%clk 0:27:35]}
38. a5 {[%clk 0:41:51]} 38... Kb8 {[%clk 0:26:51]} 39. Bd4 {[%clk 0:41:58]}
39... g4 {[%clk 0:25:12]} 40. a6 {[%clk 0:41:39]} 40... Ra2 {[%clk 0:23:53]}
41. a7+ {[%clk 0:40:08]} 41... Ka8 {[%clk 0:23:29]} 42. Bd3 {[%clk 0:39:46]}
42... Kb7 {[%clk 0:22:32]} 43. b4 {[%clk 0:39:51]} 43... Rb2 {[%clk 0:21:35]}
44. Be4 {[%clk 0:40:12]} 44... Ra2 {[%clk 0:21:19]} 45. b5 {[%clk 0:40:32]}
45... Rxa7 {[%clk 0:18:51]} 46. Bxc6+ {[%clk 0:40:42]} 46... Kb8 { [%clk
0:19:05]} 47. Bxa7+ {[%clk 0:40:58]} 47... Kxa7 {[%clk 0:19:33]} 48. Kg3 {[%clk
0:41:03]} 48... Kb6 {[%clk 0:19:46]} 49. Kh4 {[%clk 0:41:00]} 49... Kc7 {[%clk
0:19:58]} 50. c4 {[%clk 0:41:21]} 50... Kb6 {[%clk 0:20:24]} 51. Kxh5 { [%clk
0:41:38]} 51... g3 {[%clk 0:20:38]} 52. Kg4 {[%clk 0:41:55]} 52... Kc5 { [%clk
0:20:57]} 53. Kxg3 {[%clk 0:42:19]} 53... Kb6 {[%clk 0:21:23]} 54. Kf4 { [%clk
0:42:42]} 54... Kc5 {[%clk 0:21:48]} 55. Ke5 {[%clk 0:42:58]} 55... Kb6 { [%clk
0:22:12]} 56. Kd5 {[%clk 0:43:18]} 56... Kc7 {[%clk 0:22:35]} 57. c5 { [%clk
0:43:40]} 57... Kb8 {[%clk 0:22:59]} 58. b6 {[%clk 0:43:41]} 58... Kc8 { [%clk
0:23:06]} 59. g4 {[%clk 0:43:56]} 59... Kb8 {[%clk 0:23:27]} 60. g5 { [%clk
0:44:20]} 60... Kc8 {[%clk 0:23:53]} 61. g6 {[%clk 0:44:44]} 61... Kd8 { [%clk
0:23:52]} 62. Ke6 {[%clk 0:44:51]} 62... Kc8 {[%clk 0:24:06]} 63. g7 { [%clk
0:45:13]} 63... Kd8 {[%clk 0:24:20]} 64. g8=Q# 1-0

[Event "DEM U10 2017"]
[Site "Willingen GER"]
[Date "2017.06.09"]
[Round "10"]
[White "Böhm, Karl"]
[Black "Hänselmann, Hendrik"]
[Result "1-0"]
[Termination "normal"]
[Board "5"]
[WhiteElo "1516"]
[BlackElo "1461"]
[WhiteClock "00:47:20"]
[BlackClock "00:21:54"]
[PlyCount "111"]
[WhiteFideId "16209800"]
[BlackFideId "16232755"]
[EventCountry "GER"]
[EventRounds "11"]
[EventType "swiss"]
[EventDate "2017.06.03"]

1. e4 c5 2. Nf3 a6 3. d3 e6 4. Be2 Nc6 5. O-O d5 6. exd5 exd5 7. Re1 Nf6 8. Nc3
Be7 9. Bf4 O-O 10. d4 Bg4 11. Ne5 Bxe2 12. Nxc6 Bxd1 13. Nxd8 Raxd8 14. Raxd1
cxd4 15. Rxe7 dxc3 16. Rxb7 cxb2 17. Rxb2 Rfe8 18. Bg5 Rd6 19. Kf1 Ne4 20. Bf4
Rdd8 21. Rb6 Re6 22. Rxd5 Ree8 23. Rxd8 Rxd8 24. Rxa6 g5 25. Be3 Nc3 26. g3 g4
27. Ra5 Rd1+ 28. Kg2 f6 29. h3 gxh3+ 30. Kxh3 Kg7 31. a4 Kg6 32. Ra8 f5 33. a5
Ra1 34. Bd4 Ra3 35. Bxc3 Rxc3 36. a6 Ra3 37. a7 Kg7 38. c4 f4 39. c5 f3 40. c6
Ra1 41. Kh2 Rf1 42. Rg8+ Kxg8 43. a8=Q+ Kg7 44. c7 Rc1 45. c8=Q Rxc8 46. Qxc8
Kh6 47. Qg8 Kh5 48. Qxh7+ Kg5 49. Qe4 Kh6 50. Qg4 Kh7 51. Qg5 Kh8 52. Kh3 Kh7
53. Kg4 Kh8 54. Kf5 Kh7 55. Kf6 Kh8 56. Qg7# 1-0

[Event "DEM U10 2017"]
[Site "Willingen GER"]
[Date "2017.06.09"]
[Round "10"]
[White "Fuchs, Thomas"]
[Black "Metzdorf, Matteo"]
[Result "1/2-1/2"]
[Termination "normal"]
[Board "6"]
[WhiteElo "1366"]
[BlackElo "1466"]
[WhiteClock "00:47:29"]
[BlackClock "00:13:16"]
[PlyCount "99"]
[WhiteFideId "16230574"]
[BlackFideId "16209869"]
[EventCountry "GER"]
[EventRounds "11"]
[EventType "swiss"]
[EventDate "2017.06.03"]

1. d4 {[%clk 1:15:58]} 1... d5 {[%clk 1:15:53]} 2. c4 {[%clk 1:16:21]} 2... e6
{[%clk 1:16:18]} 3. Nc3 {[%clk 1:16:44]} 3... Nf6 {[%clk 1:16:42]} 4. Bg5 {
[%clk 1:17:08]} 4... Be7 {[%clk 1:17:05]} 5. Nf3 {[%clk 1:17:25]} 5... h6 {
[%clk 1:17:28]} 6. Bh4 {[%clk 1:17:38]} 6... O-O {[%clk 1:17:36]} 7. e3 { [%clk
1:17:55]} 7... b6 {[%clk 1:17:47]} 8. cxd5 {[%clk 1:18:11]} 8... exd5 { [%clk
1:17:51]} 9. Bd3 {[%clk 1:18:29]} 9... Bb7 {[%clk 1:17:29]} 10. O-O { [%clk
1:18:38]} 10... Nbd7 {[%clk 1:17:25]} 11. Rc1 {[%clk 1:18:42]} 11... c5 { [%clk
1:15:51]} 12. Qc2 {[%clk 1:16:25]} 12... Re8 {[%clk 1:11:23]} 13. Bb5 { [%clk
1:15:44]} 13... Rf8 {[%clk 0:48:34]} 14. Qb3 {[%clk 1:14:23]} 14... c4 15. Qa4
{[%clk 1:14:21]} 15... Nb8 {[%clk 0:37:06]} 16. Qd1 {[%clk 1:08:59]} 16... a6
{[%clk 0:34:51]} 17. Ba4 {[%clk 1:09:17]} 17... b5 {[%clk 0:34:42]} 18. Bc2
{[%clk 1:09:23]} 18... Nc6 {[%clk 0:33:38]} 19. b3 {[%clk 1:09:06]} 19... Re8
{[%clk 0:24:47]} 20. bxc4 {[%clk 1:07:47]} 20... dxc4 {[%clk 0:24:47] } 21. Re1
{[%clk 1:05:26]} 21... Bb4 {[%clk 0:20:00]} 22. Bb1 {[%clk 1:05:30]} 22... Qd6
{[%clk 0:14:48]} 23. e4 {[%clk 1:04:28]} 23... Bxc3 {[%clk 0:12:44]} 24. Rxc3
{[%clk 1:04:52]} 24... Qb4 {[%clk 0:12:47]} 25. Qd2 {[%clk 1:03:14]} 25... Nd7
{[%clk 0:12:02]} 26. a3 {[%clk 1:02:09]} 26... Qa5 {[%clk 0:11:59]} 27. Bg3
{[%clk 1:01:07]} 27... Rad8 {[%clk 0:11:07]} 28. d5 {[%clk 1:01:04]} 28... Nce5
{[%clk 0:10:07]} 29. Nxe5 {[%clk 1:00:51]} 29... Nxe5 { [%clk 0:10:30]} 30. f4
{[%clk 1:01:03]} 30... Nd7 {[%clk 0:10:08]} 31. Qd4 { [%clk 1:00:31]} 31... Qb6
{[%clk 0:09:48]} 32. Qxb6 {[%clk 1:00:07]} 32... Nxb6 {[%clk 0:10:17]} 33. Bc2
{[%clk 0:59:59]} 33... Rd7 {[%clk 0:07:24]} 34. Bf2 { [%clk 0:59:41]} 34... Nc8
{[%clk 0:06:29]} 35. Bc5 {[%clk 0:58:15]} 35... Bxd5 {[%clk 0:05:18]} 36. Kf2
{[%clk 0:52:32]} 36... Bc6 {[%clk 0:05:22]} 37. Re2 { [%clk 0:49:50]} 37... Nd6
{[%clk 0:04:31]} 38. e5 {[%clk 0:49:50]} 38... Nb7 { [%clk 0:04:32]} 39. Be3
{[%clk 0:49:14]} 39... g6 {[%clk 0:03:57]} 40. g4 { [%clk 0:48:36]} 40... Rde7
{[%clk 0:02:20]} 41. Bd4 {[%clk 0:48:05]} 41... Rd7 {[%clk 0:01:58]} 42. Bb6
{[%clk 0:47:38]} 42... Kg7 {[%clk 0:01:02]} 43. Kg3 { [%clk 0:43:00]} 43... Kg8
{[%clk 0:00:52]} 44. Kh3 {[%clk 0:42:42]} 44... Kh7 { [%clk 0:00:38]} 45. Kg3
{[%clk 0:43:05]} 45... Rde7 {[%clk 0:00:35]} 46. Rce3 { [%clk 0:42:27]} 46...
Bd5 {[%clk 0:14:34]} 47. Rd2 {[%clk 0:53:59]} 47... Rd7 { [%clk 0:14:52]} 48.
f5 {[%clk 0:53:54]} 48... Bc6 {[%clk 0:14:41]} 49. Rf2 { [%clk 0:47:29]} 49...
Rde7 {[%clk 0:13:16]} 50. Bd4 1/2-1/2